000 00277nam a22001097a 4500
005 20161222173555.0
008 161222b xxu||||| |||| 00| 0 eng d
041 _aeng
245 _aElectronics & Coomunication Engineering (GAte 2016 )
260 _bEngineers Academy
942 _cBK
999 _c5322
_d5320